MARC details
| 000 -LEADER |
| campo de control de longitud fija |
01867nka a2200349 i 4500 |
| 001 - NÚMERO DE CONTROL |
| campo de control |
102945 |
| 003 - IDENTIFICADOR DE NÚMERO DE CONTROL |
| campo de control |
ES-MaACL |
| 005 - FECHA Y HORA DE LA ÚLTIMA TRANSACCIÓN |
| campo de control |
20250824093143.0 |
| 007 - CAMPO FIJO DE DESCRIPCIÓN FÍSICA--INFORMACIÓN GENERAL |
| campo de control de longitud fija |
t| |
| 008 - DATOS DE LONGITUD FIJA--INFORMACIÓN GENERAL |
| campo de control de longitud fija |
051221e1871 sp f | |r||1c|spa d |
| 100 1# - ENTRADA PRINCIPAL--NOMBRE DE PERSONA |
| Nombre de persona |
Maura Montaner, Bartolomé, |
| Fechas asociadas al nombre |
1844-1926 |
| Término indicativo de función/relación |
Grabador |
| 9 (RLIN) |
79222 |
| 245 11 - MENCIÓN DEL TÍTULO |
| Título |
[Retrato de Felipe IV, Rey de España] |
| Medio |
[Material gráfico] / |
| Mención de responsabilidad, etc. |
Velázquez lo pintó ; B. Maura lo grabó |
| 260 ## - PUBLICACIÓN, DISTRIBUCIÓN, ETC. |
| Lugar de publicación, distribución, etc. |
[S.l. : |
| Nombre del editor, distribuidor, etc. |
s.n., |
| Fecha de publicación, distribución, etc. |
1871] |
| 300 ## - DESCRIPCIÓN FÍSICA |
| Extensión |
1 estampa : |
| Otras características físicas |
grabado calcográfico ; |
| Dimensiones |
446 x 442 mm |
| 490 1# - MENCIÓN DE SERIE |
| Mención de serie |
Colección facticia de grabados ; |
| Designación de volumen o secuencia |
21 |
| RLIN |
184692 |
| 500 ## - NOTA GENERAL |
| Nota general |
Inscripción: "Retrato de Felipe IV" |
| 520 ## - RESUMEN, ETC. |
| Sumario, etc. |
El monarca aparece representado de perfil, vestido con una armadura, bastón de mando y banda carmesí de general. El caballo alza las patas delanteras en una maniobra de alta escuela de equitación denominada levade o corveta, para la que el rey emplea una sola mano. Así da una muestra de dominio y capacidad de mando, siendo una alegoría del poder. Paradójicamente, el poder en estos momentos estaba en manos del valido de su majestad, el omnipotente Conde-Duque de Olivares |
| 530 ## - NOTA DISPONIBLE DE FORMULARIO FÍSICO ADICIONAL |
| Nota de formato físico adicional disponible |
Disponible en formato digital |
| 600 04 - PUNTO DE ACCESO ADICIONAL DE MATERIA--NOMBRE DE PERSONA |
| Nombre de persona |
Felipe |
| Numeración |
IV, |
| Títulos y otros términos asociados al nombre |
Rey de España- |
| Subdivisión general |
Retratos |
| 9 (RLIN) |
236357 |
| 650 #4 - PUNTO DE ACCESO ADICIONAL DE MATERIA--TÉRMINO DE MATERIA |
| Término de materia o nombre geográfico como elemento de entrada |
Reyes y soberanos- |
| Subdivisión cronológica |
S.XVII |
| 9 (RLIN) |
241973 |
| 650 #7 - PUNTO DE ACCESO ADICIONAL DE MATERIA--TÉRMINO DE MATERIA |
| Término de materia o nombre geográfico como elemento de entrada |
Caballos |
| Fuente del encabezamiento o término |
embne |
| 9 (RLIN) |
135700 |
| 655 #7 - TERMINO DE INDIZACIÓN--GENERO/FORMA |
| Datos o término principal de género/forma |
Grabados calcográficos |
| Fuente del término |
tgfbne |
| 9 (RLIN) |
241761 |
| 655 #7 - TERMINO DE INDIZACIÓN--GENERO/FORMA |
| Datos o término principal de género/forma |
Grabados |
| Fuente del término |
tgfbne |
| 9 (RLIN) |
226846 |
| 655 #4 - TERMINO DE INDIZACIÓN--GENERO/FORMA |
| Datos o término principal de género/forma |
Reproducciones de obras de arte |
| 9 (RLIN) |
241931 |
| 700 1# - ENTRADA AGREGADA--NOMBRE PERSONAL |
| Nombre de persona |
Velázquez, Diego, |
| Fechas asociadas al nombre |
1599-1660 |
| Término indicativo de función/relación |
Artista |
| 9 (RLIN) |
113793 |
| 830 #0 - PUNTO DE ACCESO ADICIONAL DE SERIE-TÍTULO UNIFORME |
| Título uniforme |
Colección facticia de grabados ; |
| Designación de volumen o secuencia |
21 |
| 9 (RLIN) |
184692 |
| 852 4# - LOCALIZACIÓN |
| Ubicación |
ES-MaACL |
| Ubicación en estantería |
Depósito 2 |
| Número de control de estantería |
GF-2(21) |
| 856 4# - LOCALIZACIÓN Y ACCESO ELECTRÓNICOS |
| Identificador Uniforme de Recursos |
<a href="https://patrimoniodigital.ucm.es/s/patrimonio/item/1534092">https://patrimoniodigital.ucm.es/s/patrimonio/item/1534092</a> |
| Texto de enlace |
Versión en línea |
| Nota pública |
(Patrimonio Digital Complutense) |
| Materiales especificados |
|
| 942 ## - ELEMENTOS DE ENTRADA SECUNDARIOS (KOHA) |
| Fuente del sistema de clasificación o colocación |
Clasificación decimal universal |
| Tipo de ítem Koha |
Grabado |
| Suprimir en OPAC |
No |